Pays produisant le plus d'avocats - Statistiques

Statistiques générales
  • Ce quiz a été pris 125 fois
  • Le résultat moyen est 11 sur 20
Statistiques - réponses
1000 tonnes pays % Correct
213 Brésil
91%
2030 Mexique
89%
133 Etats-Unis
88%
314 Colombie
80%
124 Chine
78%
467 Pérou
75%
93 Espagne
67%
134 Venezuela
67%
134 Chili
63%
363 Indonésie
57%
126 Guatemala
51%
63 Afrique du Sud
50%
66 Rép dém du Congo
49%
194 Kenya
33%
110 Israël
28%
71 Cameroun
26%
57 Éthiopie
23%
638 République dominicaine
23%
98 Haïti
20%
97 Malawi
6%
Aucun quiz correspondant
Distribution des résultats
% des personnes avec chaque résultat
Percentile par nombre de réponses
Votre historique - résultats
Vous n’avez pas pris ce quiz